Orlovi pesni za svobodata (izbrano tvorčestvo)

Bibliographic Details
Main Author: Chadžiivanov, Krăst'o Georgiev (Author)
Format: Book
Language:Bulgarian
PhysicalDescription:370 s. ilustr. 24 cm
Published: Sofija [Ivan Chadžiivanov] 2006
ISBN:9549070093
9789549070095
Edition:1. izd.
Subjects:

MARC

LEADER 00000nam a2200000 a 4500
001 vtls009348199
003 SK-MaSNL
005 20260302005833.0
008 240315s2006 bu oa 000 1 bul
015 |a SNBZSA2009-00421 
020 |a 9549070093  |q (viaz.) 
020 |a 9789549070095 
035 |a urn:nbn:sk:snk-am0094e7 
035 |a urn:nbn:sk:snk-am3hbfn 
035 |a 323CC754-35FC-4AE0-B1D6-94F10DAE118A 
040 |a SNK  |b slo  |c SNK  |e AACR2 
041 0 |a bul 
044 |a bu  |c BG 
072 7 |a 821.163  |x Južnoslovanské literatúry  |2 konspekt 
080 |a 821.163-1-3  |2 2001 
100 1 |a Chadžiivanov, Krăst'o Georgiev  |4 aut  |9 647813 
245 1 0 |a Orlovi pesni za svobodata  |b (izbrano tvorčestvo)  |c Krăst'o Chadžiivanov 
250 |a 1. izd. 
260 |a Sofija  |b [Ivan Chadžiivanov]  |c 2006 
300 |a 370 s.  |b ilustr.  |c 24 cm 
650 0 7 |a bulharská poézia  |2 snkph  |9 103140 
650 0 7 |a bulharská próza  |2 snkph  |9 102439 
655 7 |a bulharská poézia  |2 snkph  |9 79327 
655 7 |a bulharské romány  |2 snkph  |9 82469 
919 |a 954-90700-9-3 
919 |a 987-954-90700-9-5 
958 |a LX 
958 |a BG 
958 |a OND 
999 |c 1000995  |d 1002925 
952 |a SNK  |b SNK  |y PREZ  |7 0  |p 17A0604189  |o snkSC 134580  |i snk2009/2685  |8 2  |g 7.77  |0 0  |1 0  |4 0  |d 2008-10-15  |f 1  |l 0  |r 2025-06-30 00:00:00  |w 2026-02-24